<?xml version="1.0" encoding="UTF-8"?><?xml-stylesheet type="text/xsl" href="static/style.xsl"?><OAI-PMH xmlns="http://www.openarchives.org/OAI/2.0/" xmlns:xsi="http://www.w3.org/2001/XMLSchema-instance" xsi:schemaLocation="http://www.openarchives.org/OAI/2.0/ http://www.openarchives.org/OAI/2.0/OAI-PMH.xsd"><responseDate>2026-06-29T08:13:45Z</responseDate><request verb="GetRecord" identifier="oai:docta.ucm.es:20.500.14352/121220" metadataPrefix="marc">https://docta.ucm.es/rest/oai/request</request><GetRecord><record><header><identifier>oai:docta.ucm.es:20.500.14352/121220</identifier><datestamp>2025-06-11T23:52:23Z</datestamp><setSpec>com_20.500.14352_14</setSpec><setSpec>col_20.500.14352_15</setSpec></header><metadata><record xmlns="http://www.loc.gov/MARC21/slim" xmlns:dcterms="http://purl.org/dc/terms/" xmlns:xsi="http://www.w3.org/2001/XMLSchema-instance" xmlns:doc="http://www.lyncode.com/xoai" xsi:schemaLocation="http://www.loc.gov/MARC21/slim http://www.loc.gov/standards/marcxml/schema/MARC21slim.xsd">
   <leader>00925njm 22002777a 4500</leader>
   <datafield ind2=" " ind1=" " tag="042">
      <subfield code="a">dc</subfield>
   </datafield>
   <datafield ind2=" " ind1=" " tag="720">
      <subfield code="a">Andrés Martín, Ofelia-Eugenia de</subfield>
      <subfield code="e">author</subfield>
   </datafield>
   <datafield ind2=" " ind1=" " tag="260">
      <subfield code="c">2008</subfield>
   </datafield>
   <datafield ind2=" " ind1=" " tag="520">
      <subfield code="a">De acuerdo con las leyes inmutables de la Naturaleza, Hermes Trismegisto postuló el siguiente corolario filosófico-cósmico: “Lo que está arriba es como lo que está abajo”, lo que equivale al binomio Microcosmos igual a Macrocosmos, en términos neoplatónicos. Con el tiempo, la Teología escolástica vino a darle la razón, pues para ella, Luzbel fue el primer Ángel, con lo que creó una demonología a imagen y semejanza de las seculares Cortes angélicas -Teología del Infierno como réplica ”deformada” de la Teología celeste- que hundía sus raíces en la Cábala hebrea, en la Hermética egipcia y en el Mazdeísmo persa, de cuya marcada dualidad impregnó su particular Panteón pagano.</subfield>
   </datafield>
   <datafield ind1="8" ind2=" " tag="024">
      <subfield code="a">Andrés Martín, O. Angelus versus Mefisto. Mephisto. 2008;2(4):14-16.</subfield>
   </datafield>
   <datafield ind1="8" ind2=" " tag="024">
      <subfield code="a">1887-522x</subfield>
   </datafield>
   <datafield ind1="8" ind2=" " tag="024">
      <subfield code="a">https://hdl.handle.net/20.500.14352/121220</subfield>
   </datafield>
   <datafield ind2="0" ind1="0" tag="245">
      <subfield code="a">Angelus versus Mefisto</subfield>
   </datafield>
</record></metadata></record></GetRecord></OAI-PMH>